000 00353cam a2200145ua 4500
041 _aeng
_h
082 _a824
_bKHE/PA
100 _aKher, B.G .
245 _aPageant of life /
_cB.G.Kher.
_hTextual Documents
260 _aAhmadabad :
_bNavajivan publishing house ,
_c1959.
300 _a306 ; .
504 _a
942 _cBK
999 _c12525
_d12525